| 000 | 00566cam a2200193 4500500 | ||
|---|---|---|---|
| 005 | 20260405002939.0 | ||
| 041 | _afre | ||
| 042 | _adc | ||
| 100 | 1 | 0 |
_aGastineau, Nicolas _eauthor |
| 245 | 0 | 0 | _aÉgoïsme |
| 260 | _c2019. | ||
| 500 | _a24 | ||
| 690 | _aArthur Schopenhauer | ||
| 690 | _aAyn Rand | ||
| 690 | _aBlaise Pascal | ||
| 690 | _aChristopher Lasch | ||
| 786 | 0 | _nPhilosophie magazine | 132 | 9 | 2019-09-01 | p. 42-42 | 1951-1787 | |
| 856 | 4 | 1 | _uhttps://shs.cairn.info/magazine-philosophie-magazine-2019-9-page-42?lang=fr&redirect-ssocas=7080 |
| 999 |
_c2062810 _d2062810 |
||